000 00225 a2200097 4500
001 54803
100 _aICRC
245 _aGeneva conventions of August 12-1949
260 _aGeneva
_bICRC
_c1996
090 _c33995
_d33995
942 _aNUST-CAE
_cMONOGRAPH
_c26663
999 _c289876
_d289876